000 00953nas a2200289 4500
001 BR2020000776
003 BR-BrBNA
005 20231205132106.0
007 ta
008 230509b bl.|||p| |||| 00| 00por d
040 _aBR-BrBNA
_bpor
_cBiblioteca Nacional de Agricultura
041 _a(En)
072 _aF02
100 1 _aGehlot, A.
100 1 _aArya, S.
100 1 _aArya, I.D.
245 1 _aVegetative propagation of Azadirachta indica A. Juss (Neem)through cuttings: a review
650 _aAZADIRACHTA INDICA
650 _aPROPAGAÇÃO VEGETATIVA
650 _aESTACA
650 _aAUXINA
773 0 _tNativa. Pesquisas Agrárias e Ambientais (Brazil)
_xISSN 2318-7670
_g(Oct-Dec 2014), v. 2(4) p. 239-246
_wBR2020000776
856 4 0 _uhttps://periodicoscientificos.ufmt.br/ojs/index.php/nativa/article/view/2111
856 4 0 _dLink DSPACE/MAPA BR2020000776
909 _a202311
_bLúcia
_c55
_dLúcia Elande
942 _2AGRIS
_n0
_cANA
999 _c258420
_d258420